La segunda oportunidad de las personas fs̕icas su aplicacin̤ prc̀tica /

Bibliographic Details
Main Author: Fernǹdez Seij,̤ Jos ̌M.a
Other Authors: Adan, Federico, Batllori, Mart̕, Corominas, Joan, Pava̕, Yvonne, Raf,̕ Francesc-Xavier
Format: eBook
Language:Spanish
Published: Barcelona: Editorial vLex, 2018
Subjects:
Online Access:Acceso restringido

MARC

LEADER 00000nam a22000007a 4500
005 20181230121948.0
007 cr|||| ||||
008 181230s2018 es |||||s|||| 00||0 spa d
020 |a 9788417416003 
035 |a 22660 
040 |a vLex 
090 |c 8410  |d 8410 
100 1 |a Fernǹdez Seij,̤ Jos ̌M.a 
245 1 2 |a La segunda oportunidad de las personas fs̕icas  |h [Recurso electrn̤ico] :  |b su aplicacin̤ prc̀tica /  |c Jos ̌M.a Fernǹdez Seij,̤ Federico Adan, Mart ̕Batllori, Joan Corominas, Yvonne Pava̕, Francesc-Xavier Raf̕ 
256 |a Servicio en ln̕ea 
260 |a Barcelona:  |b Editorial vLex,  |c 2018 
300 |a 1 recurso electrn̤ico 
506 1 |a Disponible solo en los productos indicados  |d vLex Global  |d vLex Global (Academic Edition, excluding Law Schools)  |d vLex Global (U.S. Academic Edition, Law Schools)  |d vLex Global (U.S. Academic Edition, excluding Law Schools)  |d vLex Global (Academic Edition, Law Schools) 
650 0 4 |a Derecho Civil  |z Espaą 
700 1 |a Adan, Federico 
700 1 |a Batllori, Mart̕ 
700 1 |a Corominas, Joan 
700 1 |a Pava̕, Yvonne 
700 1 |a Raf,̕ Francesc-Xavier 
740 0 |a vLex Libros (Servicio en ln̕ea) 
856 4 0 |u http://vlex.com/source/segunda-oportunidad-personas-fisicas-aplicacion-practica-22660  |z Acceso restringido 
942 |c BOOK 
999 0 |a Civil Law